[Event "Monarch Assurance"]
[Site "Port Erin IOM"]
[Date "2004.09.29"]
[Round "5"]
[White "Zhang Zhong"]
[Black "Handke,F"]
[Result "1-0"]
[WhiteElo "2603"]
[BlackElo "2461"]

1.e4 c5 2.Nf3 Nc6 3.Nc3 a6 4.d4 cxd4 5.Nxd4 e6 6.Nxc6 bxc6 7.Bd3 d5 8.O-O Nf6
9.Re1 Be7 10.e5 Nd7 11.Qg4 g6 12.Na4 c5 13.b3 Bb7 14.c4 h5 15.Qe2 d4 16.Be4 Qc7
17.Nb2 Bc6 18.h3 Qb7 19.Bxc6 Qxc6 20.Bf4 Kf8 21.Qd2 Kg7 22.Bg5 Bxg5 23.Qxg5 h4
24.Nd3 Rh5 25.Qf4 a5 26.Rab1 Rah8 27.Re4 Rf5 28.Qg4 a4 29.Qe2 Rg5 30.f3 axb3
31.axb3 Qc7 32.Rc1 Rhh5 33.Re1 Qb8 34.b4 cxb4 35.f4 Rg3 36.Rxd4 Qc7 37.c5 b3
38.Rc1 Nb8 39.Rd6 Rf5 40.Kh2 g5 41.fxg5 Rfxg5 42.Nf4 b2 43.Qxb2 Nd7 44.c6 Nf8
45.Qd4 Ng6 46.Nxe6+ fxe6 47.Rd7+ Qxd7 48.Qxd7+ Kh6 49.Qd2 Ne7 50.c7 Nc8 51.Rc2 Kh5
52.Qd1+ Kh6 53.Qd8  1-0

[Event "Monarch Assurance"]
[Site "Port Erin IOM"]
[Date "2004.09.29"]
[Round "5"]
[White "Adams,P"]
[Black "Pert,R"]
[Result "0-1"]
[WhiteElo "2124"]
[BlackElo "2407"]

1.e4 c5 2.Nc3 Nc6 3.Nge2 g6 4.d4 cxd4 5.Nxd4 Bg7 6.Be3 Nf6 7.Bc4 d6 8.h3 O-O
9.Bb3 Na5 10.O-O b6 11.Re1 Nxb3 12.axb3 Bb7 13.Bg5 Re8 14.Qd2 a6 15.Rad1 Qc7
16.Bh6 Bh8 17.Nf3 b5 18.Ng5 Rad8 19.Re2 e6 20.Qf4 Qe7 21.b4 Bg7 22.Qh4 Bxh6
23.Qxh6 Qf8 24.Qh4 h6 25.Nf3 Kg7 26.Rd3 Qe7 27.Nd4 Kh7 28.Nb3 g5 29.Qg3 Nh5
30.Qg4 Nf4 31.Red2 Nxd3 32.Rxd3 Qf6 33.Rf3 Qg6 34.h4 f5 35.exf5 exf5 36.h5 fxg4
37.hxg6+ Kxg6 38.Rd3 Re1+ 39.Kh2 h5 40.Rd4 Rf1 41.Rd2 h4  0-1

[Event "79th ch-ARG"]
[Site "Buenos Aires ARG"]
[Date "2004.09.30"]
[Round "8"]
[White "Della Morte,P"]
[Black "Di Benedetto,G"]
[Result "0-1"]
[WhiteElo "2302"]
[BlackElo "2172"]

1.e4 c5 2.Nf3 Nc6 3.Nc3 Nf6 4.Bb5 a6 5.Bxc6 dxc6 6.d3 Qc7 7.h3 e5 8.O-O Be7
9.Be3 b5 10.Qd2 h6 11.a4 b4 12.Ne2 g5 13.Nh2 Be6 14.f3 Nh5 15.c3 Rd8 16.cxb4 cxb4
17.Rfc1 Qd7 18.d4 Nf4 19.Bxf4 gxf4 20.Qc2 exd4 21.Nxf4 d3 22.Qd2 Bg5 23.Ng4 h5
24.Nf2 Qd6 25.g3 h4 26.e5 Qd4 27.Nxe6 Bxd2 28.Nxd4 Bxc1 29.Nxc6 hxg3 30.Nd1 Bf4
31.Nxd8 Kxd8 32.Kg2 Ke7 33.a5 Rc8 34.Ra4 Rc2+ 35.Kf1 Rc1 36.Rxb4 Rxd1+ 37.Kg2 d2  0-1

[Event "79th ch-ARG"]
[Site "Buenos Aires ARG"]
[Date "2004.09.30"]
[Round "8"]
[White "Needleman,A"]
[Black "Alonso,S"]
[Result "1/2-1/2"]
[WhiteElo "2420"]
[BlackElo "2444"]

1.e4 c5 2.Nf3 Nc6 3.Nc3 g6 4.d4 cxd4 5.Nxd4 Bg7 6.Nf3 Nf6 7.Bc4 O-O 8.O-O d6
9.h3 Na5 10.Bb3 Nxb3 11.axb3 b6 12.Re1 Bb7 13.Nd5 Nxd5 14.exd5 Qd7 15.c4 a6
16.Nd4 Rae8 17.Be3 e6 18.dxe6 fxe6 19.Qg4 Qf7 20.Rad1 d5 21.Nf3 dxc4 22.Ng5 Qf5
23.bxc4 h6 24.Nf3 Qxg4 25.hxg4 b5 26.cxb5 axb5 27.Nd4 b4 28.Nb5 Rd8 29.Bc5 Rxd1
30.Rxd1 Rc8 31.Bxb4 Bd5 32.Nc3 Rb8 33.Ba3 Rb3 34.Nxd5 exd5 35.Rxd5 Bxb2 36.Bxb2 Rxb2
37.Rd7 g5 38.Kf1 Rb4 39.f3 Rb2 40.Re7 Ra2 41.Re2 Ra4 42.Kf2 Kf7 43.Rc2 Ra3
44.Rb2 Kg7 45.Rd2 Kf6 46.Ke2 Kg7 47.Kf2 Kf6 48.Rd6+ Kg7 49.g3 Ra2+ 50.Kf1 Ra3
51.Ke2 Ra2+ 52.Rd2 Ra3 53.Kf2 Kf6 54.Rd6+ Kg7 55.f4 Rb3 56.Re6 Ra3 57.Re3 Ra2+
58.Kf3 Ra4 59.Rb3 Kf7 60.Rb7+ Kg8 61.Rb5 Kg7 62.Rb7+ Kg8 63.f5 Rc4 64.f6 Rc6
65.Rg7+ Kh8 66.Rg6 Kh7 67.Rg7+ Kh8  1/2-1/2

[Event "TCh-Vojvodina"]
[Site "Sombor SCG"]
[Date "2004.09.30"]
[Round "8"]
[White "Dragojlovic,A"]
[Black "Jotic,V"]
[Result "1-0"]
[WhiteElo "2309"]
[BlackElo "2241"]

1.e4 c5 2.Nf3 Nc6 3.Nc3 g6 4.d4 cxd4 5.Nxd4 Bg7 6.Be3 d6 7.Qd2 Nf6 8.f3 Bd7
9.g4 Rc8 10.h4 h5 11.g5 Nh7 12.O-O-O Ne5 13.f4 Ng4 14.Bg1 O-O 15.f5 Re8 16.Bh3 Ne5
17.fxg6 fxg6 18.Ne6 Bxe6 19.Bxe6+ Kh8 20.Bxc8 Qxc8 21.Bd4 Nf8 22.Nd5 Ne6
23.Bc3 Qc4 24.Kb1 Qxe4 25.Rde1 Qg4 26.Qf2 Qf5 27.Qxf5 gxf5 28.Rhf1 Nf8 29.Nf4 Nfg6
30.Nxh5 Nxh4 31.Rh1  1-0

[Event "TCh-Vojvodina"]
[Site "Sombor SCG"]
[Date "2004.09.30"]
[Round "8"]
[White "Nadj Hedjesi,B"]
[Black "Stajic,P"]
[Result "1-0"]
[WhiteElo "2301"]
[BlackElo "2210"]

1.e4 c5 2.Nc3 Nc6 3.Bb5 Nd4 4.Bc4 g6 5.Nf3 Bg7 6.Nxd4 cxd4 7.Qf3 Nh6 8.Ne2 O-O
9.d3 e6 10.Bb3 f5 11.Qh3 Nf7 12.exf5 gxf5 13.f4 Qf6 14.Bd2 a5 15.a4 b6 16.Qg3 Qg6
17.Qf2 Bb7 18.Rg1 Qf6 19.g4 fxg4 20.Rxg4 Nh6 21.Rg1 Nf5 22.Ng3 Qh4 23.O-O-O Kh8
24.Rdf1 Bc6 25.Qe2 Nxg3 26.Rxg3 Qf6 27.Kb1 Rae8 28.Rfg1 Bh6 29.Qh5 Re7 30.Rf1 Rg8
31.Rxg8+ Kxg8 32.Rg1+ Kh8 33.Be1 Qf8 34.f5 Be3 35.Rg3 Bf4 36.Rg6 Rg7 37.Rxg7 Kxg7
38.Qg4+  1-0

[Event "VIII Itau Cup"]
[Site "Sao Paulo BRA"]
[Date "2004.10.01"]
[Round "8"]
[White "Rodriguez,And URU"]
[Black "D'Israel,D"]
[Result "1-0"]
[WhiteElo "2567"]
[BlackElo "2291"]

1.e4 c5 2.Nc3 Nc6 3.Nf3 e5 4.Bb5 Nge7 5.a3 Ng6 6.d3 Be7 7.Nd5 O-O 8.Bc4 d6
9.c3 Be6 10.h4 h6 11.h5 Nh8 12.Be3 Qd7 13.Qd2 Kh7 14.Nh4 Bxh4 15.Rxh4 f5
16.exf5 Bxf5 17.b4 Be6 18.Qa2 Ne7 19.Nb6 axb6 20.Bxe6 Qd8 21.bxc5 Nf5 22.Rh3 Nxe3
23.Rxe3 Qf6 24.cxd6 e4 25.dxe4 Ra5 26.Bf5+ Rxf5 27.exf5 Qxd6 28.Kf1 Nf7 29.Qe6 Qh2
30.Qg6+ Kh8 31.f6 gxf6 32.Qxf6+ Kh7 33.Qg6+ Kh8 34.Rg3  1-0

[Event "Piloo Mody Open"]
[Site "Lucknow IND"]
[Date "2004.10.02"]
[Round "2"]
[White "Iuldachev,S"]
[Black "Deepan,C"]
[Result "1-0"]
[WhiteElo "2550"]
[BlackElo "2360"]

1.e4 c5 2.Nc3 Nc6 3.Bb5 Nd4 4.Bc4 g6 5.Nf3 Bg7 6.Nxd4 cxd4 7.Qf3 e6 8.Nb5 d6
9.Qa3 Bf8 10.Nxd4 d5 11.Bb5+ Bd7 12.Qd3 a6 13.Bxd7+ Qxd7 14.Nf3 Bg7 15.exd5 exd5
16.O-O Ne7 17.Qe2 O-O 18.d4 Rfe8 19.c3 b5 20.Bd2 Nf5 21.Qd3 Nd6 22.Rae1 Ne4
23.Bc1 Qb7 24.Nd2 Nxd2 25.Bxd2 a5 26.Rxe8+ Rxe8 27.Re1 Rxe1+ 28.Bxe1 Qc6
29.Bd2 a4 30.h4 h5 31.b3 Bf6 32.g3 axb3 33.axb3 Kg7 34.Bf4 Qe6 35.Qxb5 Qe1+
36.Kg2 Qxc3 37.Qxd5 Bxd4 38.Qe4 Qb2 39.Be3 Bxe3 40.Qxe3 f6 41.Qe7+ Kh6 42.b4 g5
43.Qe4 Kg7 44.Qc4 Qa1 45.hxg5 fxg5 46.b5 Qb1 47.Qc7+ Kf6 48.Qc6+ Kf5 49.b6 h4
50.g4+  1-0

[Event "Open"]
[Site "Winterthur SUI"]
[Date "2004.10.02"]
[Round "2"]
[White "Neubauer,M"]
[Black "Lehmann,Mar"]
[Result "1-0"]
[WhiteElo "2440"]
[BlackElo "2075"]

1.e4 c5 2.Nf3 Nc6 3.Nc3 e5 4.Bc4 d6 5.d3 Be7 6.Nd2 Bg5 7.h4 Bxd2+ 8.Bxd2 Nf6
9.Nd5 Nxd5 10.Bxd5 Ne7 11.Bc4 O-O 12.h5 b5 13.Bxb5 Be6 14.Bc4 d5 15.exd5 Bxd5
16.Bc3 Re8 17.Qg4 f5 18.Bxd5+ Qxd5 19.Qc4 e4 20.O-O-O Rad8 21.Rhe1 Kf7 22.Qa4 exd3
23.Rxd3 Qxg2 24.Rg3 Qxf2 25.Rxg7+ Kf8 26.Rxh7  1-0

[Event "YM"]
[Site "Winterthur SUI"]
[Date "2004.10.04"]
[Round "4"]
[White "Kurmann,O"]
[Black "Zozulia,A"]
[Result "1-0"]
[WhiteElo "2312"]
[BlackElo "2412"]

1.e4 c5 2.Nf3 Nc6 3.Nc3 e5 4.Bc4 Be7 5.d3 Nf6 6.Ng5 O-O 7.f4 d5 8.exd5 Nd4
9.O-O Bg4 10.Qd2 exf4 11.Rxf4 b5 12.Bxb5 Bd6 13.Rf1 Qb8 14.h3 Bh2+ 15.Kh1 Nh5
16.Nge4 Nf5 17.Qg5 Be5 18.Re1 Nhg3+ 19.Nxg3 Nxg3+ 20.Kg1 Bxc3 21.bxc3 Ne2+
22.Rxe2 Bxe2 23.Bc6 h6 24.Qe7 Bh5 25.Bxa8 Re8 26.Qh4  1-0

[Event "1st TCh-WSen"]
[Site "Port Erin IOM"]
[Date "2004.10.08"]
[Round "4"]
[White "Klundt,K"]
[Black "Kraidman,Y"]
[Result "1/2-1/2"]
[WhiteElo "2358"]
[BlackElo "2307"]

1.e4 c5 2.Nc3 Nc6 3.Nf3 g6 4.Bb5 Bg7 5.O-O e5 6.Bxc6 bxc6 7.Na4 d6 8.c3 Ne7
9.d4 cxd4 10.cxd4 Bg4 11.dxe5 Bxe5 12.Qd3 Bxf3 13.Qxf3 O-O 14.Bh6 Re8 15.Rad1 Rb8
16.b3 Qc7 17.Bf4 Nc8 18.Rd3 Nb6 19.Nc3 Rbd8 20.Bxe5 Rxe5 21.Rfd1 Qe7 22.g3 Qe6
23.Kg2 d5 24.exd5 Nxd5 25.Nxd5 cxd5 26.Rd4 h5 27.h4 Rd6 28.R1d2 Kg7 29.b4 Kg8
30.a3 a6 31.Qd3 Kf8 32.Rf4 Rc6 33.Rd4 Rd6 34.Rc2 Rc6 35.Rd2 Rd6  1/2-1/2

[Event "Open"]
[Site "Winterthur SUI"]
[Date "2004.10.09"]
[Round "9"]
[White "Kamber,B"]
[Black "Ballmann,M"]
[Result "1/2-1/2"]
[WhiteElo "2284"]
[BlackElo "2424"]

1.e4 c5 2.Nc3 Nc6 3.Bb5 g6 4.Bxc6 bxc6 5.d3 Bg7 6.Nge2 d6 7.O-O Nf6 8.h3 O-O
9.Be3 Ne8 10.Qd2 Rb8 11.Rab1 Nc7 12.Bh6 Ne6 13.Bxg7 Kxg7 14.f4 Nd4 15.Nd1 f5
16.exf5 gxf5 17.Re1 Rf6 18.Kh1 Qe8 19.Ng1 Rb7 20.Ne3 Qh5  1/2-1/2

[Event "Pre-Olym Tourn"]
[Site "Belo Horizonte BRA"]
[Date "2004.10.10"]
[Round "4"]
[White "Caldeira,A"]
[Black "Terao,R"]
[Result "1-0"]
[WhiteElo "2291"]
[BlackElo "2039"]

1.e4 c5 2.Nf3 Nc6 3.Nc3 g6 4.d4 cxd4 5.Nxd4 Bg7 6.Be3 Nf6 7.Bc4 O-O 8.Bb3 d6
9.f3 Bd7 10.Qd2 Qa5 11.O-O-O Rfc8 12.h4 Ne5 13.Kb1 Nc4 14.Bxc4 Rxc4 15.Nb3 Qa6
16.h5 Rac8 17.hxg6 fxg6 18.Bd4 e5 19.Be3 R8c6 20.Bh6 Rxc3 21.bxc3 Be6 22.Qg5 Qa3
23.Qc1 Qa6 24.Bxg7 Kxg7 25.Rd3 Bc4 26.Rd2 Bg8 27.Rd3 Bc4 28.Qh6+ Kf7 29.Rdd1 Qa4
30.Qc1 Ra6 31.Qb2 Rb6 32.Ka1 Ke6 33.Rd2 h5 34.Rhd1 Nd7 35.Rb1 Ra6 36.Rg1 Nc5
37.Kb1 Qb5 38.Kc1 Na4 39.Qa1 Qb6 40.Re1 Bb5 41.f4 Qc6 42.fxe5 dxe5 43.Rd5 Qc4
44.Nd2 Qxc3 45.Qxc3 Nxc3 46.Rc5 Rc6 47.Rxc6+ Bxc6 48.Kb2 Na4+ 49.Ka3 Nc5
50.Kb4 b6 51.Kc3 g5  1-0

[Event "Essent Open"]
[Site "Hoogeveen NED"]
[Date "2004.10.16"]
[Round "2"]
[White "Hemminga,F"]
[Black "Michielsen,J"]
[Result "0-1"]
[WhiteElo "2089"]
[BlackElo "2249"]

1.e4 c5 2.Nc3 Nc6 3.Nf3 d6 4.d4 cxd4 5.Nxd4 Nf6 6.g3 g6 7.Bg2 Bd7 8.Nde2 Bg7
9.O-O O-O 10.h3 a6 11.g4 b5 12.Ng3 b4 13.Nce2 Rc8 14.a3 a5 15.axb4 axb4 16.Be3 Qc7
17.f4 Ra8 18.g5 Rxa1 19.Qxa1 Ne8 20.c3 Qb7 21.f5 Be5 22.h4 Ng7 23.Qd1 Na5
24.Bd4 Bb5 25.Rf2 bxc3 26.bxc3 Bxe2 27.Nxe2 Rb8 28.Rf1 Nc4 29.Qd3 Qb3 30.f6 exf6
31.gxf6 Ne6 32.Bxe5 dxe5 33.h5 Rd8 34.Qg3 Qb6+ 35.Kh2 Rd2 36.Bf3 Qe3 37.Rf2 Nf4
38.hxg6 hxg6 39.Qh4 Nxe2 40.Bxe2  0-1

[Event "36th Olympiad"]
[Site "Calvia ESP"]
[Date "2004.10.17"]
[Round "2"]
[White "Iuldachev,S"]
[Black "Aronian,L"]
[Result "0-1"]
[WhiteElo "2550"]
[BlackElo "2675"]

1.e4 c5 2.Nc3 Nc6 3.Bb5 Nd4 4.Bc4 e6 5.Nf3 Nf6 6.O-O a6 7.d3 b5 8.Bb3 Nxb3
9.axb3 Bb7 10.e5 b4 11.exf6 bxc3 12.fxg7 Bxg7 13.bxc3 Bxc3 14.Ra4 Rg8 15.Bf4 Qf6
16.Bg3 Bxf3 17.gxf3 h5 18.Kh1 Bd4 19.h4 Ke7 20.Qe2 Rg6 21.Rg1 Rag8 22.Rxa6 Kf8
23.Ra4 Kg7 24.b4 cxb4 25.Rxb4 Kh7 26.Rg2 Qg7 27.Rb5 f5 28.Rg1 e5 29.f4 Rg4
30.fxe5 f4 31.e6 Rxh4+ 32.Kg2 Qxg3+  0-1

[Event "36th Olympiad"]
[Site "Calvia ESP"]
[Date "2004.10.17"]
[Round "3"]
[White "Rodriguez,And URU"]
[Black "Dao Thien Hai"]
[Result "1-0"]
[WhiteElo "2533"]
[BlackElo "2601"]

1.e4 c5 2.Nc3 Nc6 3.Nge2 d6 4.d4 cxd4 5.Nxd4 g6 6.Be3 Bg7 7.Qd2 Nf6 8.f3 O-O
9.O-O-O Bd7 10.g4 Qa5 11.Nb3 Qd8 12.Bh6 a5 13.Bxg7 Kxg7 14.h4 a4 15.Nd4 a3
16.b3 Rc8 17.Nxc6 Rxc6 18.Nd5 Be6 19.h5 Kg8 20.Qh6 Bxd5 21.exd5 Rc3 22.hxg6 fxg6
23.g5 Qc7 24.Bd3 Rc8 25.gxf6 Rxc2+ 26.Kb1 exf6 27.Bxg6  1-0

[Event "36th Olympiad"]
[Site "Calvia ESP"]
[Date "2004.10.17"]
[Round "3"]
[White "Nataf,IA"]
[Black "Chan Peng Kong"]
[Result "1/2-1/2"]
[WhiteElo "2565"]
[BlackElo "2339"]

1.e4 c5 2.Nc3 Nc6 3.Nge2 Nf6 4.d4 cxd4 5.Nxd4 e5 6.Ndb5 d6 7.Bg5 a6 8.Na3 b5
9.Bxf6 gxf6 10.Nd5 f5 11.Bd3 Be6 12.O-O Bxd5 13.exd5 Ne7 14.c3 Bg7 15.Re1 O-O
16.Qh5 e4 17.Bf1 Qc8 18.Rad1 Ng6 19.g3 Re8 20.Bh3 Qc5 21.Bxf5 e3 22.Rxe3 Rxe3
23.fxe3 Qxe3+ 24.Kf1 Re8 25.Nc2 Qc5 26.Qg4 Re5 27.Nb4 Ne7 28.Bc2 Nxd5 29.Nxd5 Rxd5
30.Rxd5 Qxd5 31.Qc8+ Bf8 32.Qg4+ Bg7 33.Qc8+ Bf8  1/2-1/2

[Event "36th Olympiad"]
[Site "Calvia ESP"]
[Date "2004.10.17"]
[Round "3"]
[White "Kassis,A"]
[Black "Bermudez Adams,W"]
[Result "1-0"]
[WhiteElo "2221"]
[BlackElo "2138"]

1.e4 c5 2.Nc3 Nc6 3.Nf3 d6 4.d4 cxd4 5.Nxd4 g6 6.Bc4 Bg7 7.Be3 Nf6 8.Bb3 O-O
9.f3 Nd7 10.h4 Na5 11.Qd3 Ne5 12.Qe2 Nxb3 13.axb3 Bd7 14.h5 a5 15.hxg6 fxg6
16.O-O-O Rf7 17.Ndb5 a4 18.bxa4 Qa5 19.Bd4 Qb4 20.b3 Rxa4 21.Nd5 Bxb5 22.Nxb4 Bxe2
23.bxa4 Bxd1 24.Kxd1 e6 25.Bxe5 Bxe5 26.Nd3 Bc3 27.Ke2 Rc7 28.Rb1 Bd4 29.Kd2 b6
30.Rb3 Rc4 31.c3 Bg1 32.Rb4 Rc7 33.Rb1 Bc5 34.Nxc5 bxc5 35.Rb6 Ra7 36.Rxd6 Rxa4
37.Rxe6 Ra2+ 38.Ke3 Rxg2 39.Rc6 h5 40.Rxc5 h4 41.Ra5 h3 42.Ra1 Rc2 43.Kf4 Rg2
44.c4 Kf7 45.Ke5 Ke7 46.f4 g5 47.fxg5 Rxg5+ 48.Kf4 Rg2 49.c5 Ke6 50.c6 Rf2+
51.Ke3 Rc2 52.Kd3  1-0

[Event "36th Olympiad"]
[Site "Calvia ESP"]
[Date "2004.10.17"]
[Round "3"]
[White "Kovacevic,A"]
[Black "Avrukh,B"]
[Result "1/2-1/2"]
[WhiteElo "2556"]
[BlackElo "2614"]

1.e4 c5 2.Nf3 Nc6 3.Nc3 Nf6 4.Bb5 Qc7 5.O-O Nd4 6.Re1 a6 7.Bf1 Ng4 8.g3 Nxf3+
9.Qxf3 Ne5 10.Qe2 e6 11.d3 Be7 12.Bg2 d6 13.f4 Nc6 14.Nd1 O-O 15.c3 b5 16.Be3 b4
17.d4 bxc3 18.bxc3 Na5 19.Bf2 Bd7 20.Ne3 cxd4 21.cxd4 Rfc8 22.f5 Rab8 23.fxe6 fxe6
24.Bh3 Rb5 25.d5 e5 26.Rac1 Qb7 27.Bxd7 Qxd7 28.a4 Rbb8 29.Qxa6 Nb3 30.Rxc8+ Rxc8
31.Nf5 Bf8 32.Rb1 Nd2 33.Rb7 Rc7 34.Rxc7 Qxc7 35.Qc6 Qb8 36.Qb5 Qc7 37.Qd3 Qa5
38.Ne3 Qb4 39.Nc2 Qb1+ 40.Kg2 Nb3 41.Ne1 Qb2 42.Qb5 Qa2 43.Qc4 Qb2 44.Nd3 Qb1
45.Qc3 h6 46.h4 Be7 47.Kh2 Qd1 48.Ne1 Nd4 49.Bxd4 exd4 50.Qc8+ Kh7 51.Qf5+ Kh8
52.Ng2 d3 53.Nf4 Bf6 54.Ng6+ Kg8 55.h5 Qc2+ 56.Kh3 Qc1 57.Qe6+ Kh7 58.Nf8+ Kh8
59.Ng6+ Kh7 60.Nf8+ Kh8 61.Qe8 Qh1+ 62.Kg4 Qd1+ 63.Kf5 Qf3+ 64.Kg6 Be7 65.Qxe7 Qf6+
66.Qxf6 gxf6 67.Kf7 d2 68.Ng6+ Kh7 69.Nf8+  1/2-1/2

[Event "Essent Open"]
[Site "Hoogeveen NED"]
[Date "2004.10.17"]
[Round "3"]
[White "Pruijssers,R"]
[Black "Potze,R"]
[Result "1-0"]
[WhiteElo "2295"]
[BlackElo "2129"]

1.e4 c5 2.Nf3 Nc6 3.Nc3 e5 4.Bc4 d6 5.d3 Be7 6.O-O Nf6 7.Ng5 O-O 8.f4 exf4
9.Bxf4 Bg4 10.Qd2 Ne5 11.Bb3 Bh5 12.Kh1 h6 13.Nf3 Nxf3 14.gxf3 Kh7 15.Be3 Qd7
16.Ne2 d5 17.Ng3 dxe4 18.dxe4 Qxd2 19.Bxd2 Bg6 20.Bc4 Rad8 21.Bc3 Nh5 22.Nxh5 Bxh5
23.a4 b6 24.a5 Bd6 25.axb6 axb6 26.e5 Bb8 27.Ra6 Rfe8 28.f4 Bg6 29.Rxb6 Bxc2
30.Bxf7 Re7 31.Ba2 Ba7 32.Ra6 Be4+ 33.Kg1 c4+ 34.Rxa7 Rxa7 35.Bxc4 Ra4 36.Bb5 Ra2
37.e6 Ra7 38.Re1  1-0

[Event "36th Olympiad"]
[Site "Calvia ESP"]
[Date "2004.10.18"]
[Round "4"]
[White "Shytaj,L"]
[Black "Isaev,J"]
[Result "1/2-1/2"]
[WhiteElo "2356"]
[BlackElo "2424"]

1.e4 c5 2.Nf3 Nc6 3.Nc3 e5 4.Bc4 Be7 5.d3 Nf6 6.Nd2 d6 7.Nf1 Bg4 8.f3 Be6
9.Ne3 Nd7 10.O-O Bg5 11.Ned5 Bxc1 12.Qxc1 a6 13.a4 O-O 14.Qd2 Rb8 15.f4 exf4
16.Nxf4 Nd4 17.Bxe6 fxe6 18.Nce2 Qf6 19.b3 Qh6 20.Nxd4 cxd4 21.Rad1 e5 22.Nh3 Rxf1+
23.Kxf1 Qh5 24.Kg1 Rc8 25.Ng5 Nf6 26.h3 d5 27.Re1 h6 28.Nf3 dxe4 29.dxe4 Rc3
30.Qf2 Qe8 31.Re2 Nh5 32.Rd2 Qe7 33.Kh2 Qc7 34.g3 Nf6 35.g4 b5 36.axb5 axb5
37.Ne1 Nd7 38.Nd3 Rc6 39.Qg2 Ra6 40.Nf2 Ra2 41.Nd1 Ra1 42.Qf3 Qd6 43.Qf5 Qf6
44.Qxf6 gxf6  1/2-1/2

[Event "36th Olympiad"]
[Site "Calvia ESP"]
[Date "2004.10.18"]
[Round "4"]
[White "Roselli Mailhe,B"]
[Black "Van der Stricht,G"]
[Result "0-1"]
[WhiteElo "2405"]
[BlackElo "2413"]

1.e4 c5 2.Nc3 Nc6 3.Nge2 e5 4.g3 d6 5.Bg2 g6 6.d3 Bg7 7.Be3 Nge7 8.O-O Nd4
9.f4 O-O 10.Qd2 Be6 11.fxe5 dxe5 12.Rf2 Qd7 13.Raf1 c4 14.Nc1 b5 15.Bh6 Bxh6
16.Qxh6 b4 17.Nd1 Rac8 18.Ne3 c3 19.b3 Rc5 20.h4 f5 21.h5 Rf7 22.Nc4 Rg7
23.hxg6 hxg6 24.Qg5 Qc7 25.Bh3 Nec6 26.Rh2 Qe7 27.Qh6 Nd8 28.Qe3 Qc7 29.Rff2 Nf7
30.a3 a5 31.a4 Rh7 32.Bg2 Rxh2 33.Kxh2 Kg7 34.Bf3 Qd8 35.Bd1 Qg5 36.Qxg5 Nxg5
37.Ne3 fxe4 38.dxe4 Nxe4 39.Rg2 Nd2 40.g4 e4 41.Ne2 N2f3+ 42.Kg3 Nxe2+ 43.Bxe2 Nd4
44.Bc4 Bxc4 45.Nxc4 g5 46.Ne3 Kg6 47.Rf2 Nf3 48.Nc4 Rd5 49.Re2 Nd2 50.Ne3 Rd8
51.Nf5 Kf6 52.Rh2 Nf1+  0-1

[Event "36th Olympiad"]
[Site "Calvia ESP"]
[Date "2004.10.18"]
[Round "4"]
[White "Mukabi,J"]
[Black "Dukaczewski,P"]
[Result "0-1"]
[WhiteElo "2105"]
[BlackElo "2366"]

1.e4 c5 2.Nf3 Nc6 3.Nc3 d6 4.Bb5 Bd7 5.d4 cxd4 6.Nxd4 Nf6 7.Bg5 e6 8.O-O Be7
9.Nb3 a6 10.Be2 Qc7 11.f4 b5 12.a3 O-O 13.Kh1 h6 14.Bh4 Rfd8 15.Bf3 Rac8
16.Qe1 Be8 17.Rd1 Qb8 18.g4 b4 19.axb4 Nxb4 20.Qf2 Nxc2 21.Qxc2 Ba4 22.Qg2 Bxb3
23.Rd2 g5 24.fxg5 Nd7 25.Qf2 hxg5 26.Be2 Rf8 27.Bg3 Bc4 28.Qd4 Bxe2 29.Rxe2 Qb6
30.Rd2 Qxd4 31.Rxd4 Nf6 32.Bxd6 Bxd6 33.Rxd6 Kg7 34.h3 Rfd8 35.Rfd1 Rxd6
36.Rxd6 Rb8 37.Rxa6 Rxb2 38.Ra2 Rxa2 39.Nxa2 Nxe4 40.Kg2 Kf6 41.Kf3 Ke5 42.Ke3 Nf6
43.Nc1 Nd5+ 44.Kf3 Nf4 45.Kg3 Ke4 46.h4 gxh4+ 47.Kxh4 e5 48.Kg5 Nd5 49.Ne2 Kf3
50.Ng1+ Kg2 51.Kf5 f6 52.Ne2 Kf3 53.Ng1+ Kg2 54.g5 fxg5 55.Kxg5 e4 56.Ne2 Kf3
57.Nd4+ Kf2 58.Nf5 Kg2 59.Kg4 Kf2 60.Kg5 Kf3 61.Nd4+ Ke3 62.Nf5+ Kd3 63.Kh4 Nb4
64.Kg3 Nc2 65.Kf2 Kd2 66.Kf1 Ne3+ 67.Nxe3 Kxe3 68.Ke1  0-1

[Event "36th Olympiad w"]
[Site "Calvia ESP"]
[Date "2004.10.18"]
[Round "4"]
[White "Sorokina,A"]
[Black "Susterman,A"]
[Result "1/2-1/2"]
[WhiteElo "2199"]
[BlackElo "2299"]

1.e4 c5 2.Nf3 Nc6 3.Nc3 g6 4.d4 cxd4 5.Nxd4 Bg7 6.Be3 Nf6 7.h3 O-O 8.Nb3 d6
9.Be2 Be6 10.f4 Na5 11.Nxa5 Qxa5 12.O-O Rac8 13.Bf3 b5 14.a3 a6 15.Qd2 Rfe8
16.Qf2 Nd7 17.f5 Bc4 18.Bg4 Qc7 19.Nd5 Bxd5 20.exd5 Rf8 21.c3 Rb8 22.Bd4 Bxd4
23.Qxd4 Nf6 24.Rae1 Rfe8 25.Rf2 Qc5 26.fxg6 hxg6 27.Rd1 Qxd4 28.Rxd4 Rb7
29.Bf3 Rc8 30.Re2 Rc5 31.Rd1 Kf8 32.Kf2 Rc4 33.g3 a5 34.Re3 Rc5 35.Rd4 Rbc7
36.Re2 Nd7 37.Red2 Ne5 38.Be2 Rb7 39.Ke3 Kg7 40.Bf1 Rb8 41.Rf2 Rh8 42.Ke2 Rhc8
43.Rff4 g5 44.Rf2 f6 45.Kd1 Rb8 46.Kd2 Kf7 47.Be2 Nc4+ 48.Bxc4 bxc4 49.Kc2 Rb3
50.h4 Rb8 51.Re2 Rh8 52.Kc1 gxh4 53.gxh4 Rh5 54.Rde4 Rc7 55.Rd2 Rc5 56.Rde2 Rc7
57.Rd2 Rc5 58.Rde2  1/2-1/2

[Event "36th Olympiad w"]
[Site "Calvia ESP"]
[Date "2004.10.18"]
[Round "4"]
[White "Shukurova,M"]
[Black "Sanchez,Ali"]
[Result "1-0"]
[WhiteElo "2281"]
[BlackElo "2095"]

1.e4 c5 2.Nc3 Nc6 3.Nf3 e6 4.Bb5 Nf6 5.O-O Qc7 6.Re1 d6 7.e5 Nd7 8.exd6 Bxd6
9.Nd5 Qd8 10.Bxc6 bxc6 11.Ne3 O-O 12.d3 Nf6 13.Nc4 Rb8 14.b3 Ba6 15.Nxd6 Qxd6
16.Bb2 Nd7 17.Ng5 Qf4 18.Nh3 Qf5 19.Re3 Rb4 20.Rf3 Qd5 21.c4 Qd6 22.Ng5 f6
23.Ne4 Qe7 24.Ba3 Rbb8 25.d4 Rfd8 26.Qe1 Bc8 27.Rd1 Qe8 28.Rfd3 cxd4 29.Rxd4 e5
30.R4d3 Bb7 31.Qd2  1-0

[Event "36th Olympiad"]
[Site "Calvia ESP"]
[Date "2004.10.18"]
[Round "4"]
[White "Hracek,Z"]
[Black "Sveshnikov,E"]
[Result "1/2-1/2"]
[WhiteElo "2595"]
[BlackElo "2512"]

1.e4 c5 2.Nc3 Nc6 3.Bb5 e5 4.Nge2 Nf6 5.d3 Be7 6.f4 exf4 7.Nxf4 O-O 8.O-O d6
9.Bc4 Ne5 10.Bb3 Bd7 11.a4 Rc8 12.Qe2 Nc6 13.Bc4 Nd4 14.Qd2 Ne6 15.Qd1 Nxf4
16.Bxf4 Be6 17.Qf3 Ne8 18.Nd5 Nc7 19.Nxe7+ Qxe7 20.Qg3 Rcd8 21.b3 f6 22.Rae1 b6
23.Bc1 Rf7 24.Bb2 Rdf8 25.Bxe6 Nxe6 26.Rf5 Kh8 27.Ref1 Kg8 28.h4 Kh8 29.Qf2 Kg8
30.g3 Kh8 31.g4 Kg8 32.Kh2 Nd8 33.Qg3 Nc6 34.Bc3 Ne5 35.Kg2 h6 36.Bxe5 fxe5
37.h5 Kh7 38.Qf3 Kg8 39.Kh3 Rf6 40.Qf2 Qe6 41.Qe1 Kh7 42.R1f3 Kg8 43.Qf2 R8f7
44.Qe1 Rf8 45.Qe3 R8f7 46.Kg3 Rf8 47.Kf2 Qe7 48.Ke2 a6 49.Qf2 b5 50.axb5 axb5
51.Rxf6 Rxf6 52.Rxf6 Qxf6 53.Qxf6 gxf6 54.Kd2 Kf7 55.Ke3  1/2-1/2

[Event "36th Olympiad w"]
[Site "Calvia ESP"]
[Date "2004.10.19"]
[Round "5"]
[White "Mkrtchian,L"]
[Black "Botsari,A"]
[Result "1-0"]
[WhiteElo "2374"]
[BlackElo "2362"]

1.e4 c5 2.Nc3 Nc6 3.Bb5 Nd4 4.Bc4 e6 5.Nge2 a6 6.a4 Ne7 7.Nxd4 cxd4 8.Ne2 Nc6
9.O-O Bc5 10.d3 d5 11.exd5 exd5 12.Bb3 O-O 13.Nf4 Be6 14.Qh5 g6 15.Qf3 Ne5
16.Qg3 Qd6 17.Bd2 Rae8 18.Rfe1 f6 19.Nxe6 Rxe6 20.f4 Nc6 21.Rxe6 Qxe6 22.Re1 Qd7
23.Qh3 Rd8 24.Qh4 Kg7 25.f5 Qxf5 26.Bh6+ Kg8 27.Rf1 Qe5 28.Qxf6 Qxf6 29.Rxf6 Ne5
30.h3 Nf7 31.Bf4 Kg7 32.Re6 h6 33.h4 Rd7 34.Bd2 Be7 35.Bxd5 Bxh4 36.Be4 Bf6
37.Bf4 Ng5 38.Bxg5 hxg5 39.Rb6 a5 40.Kf2 Rc7 41.Rxb7 Rxb7 42.Bxb7 Kf7 43.Kf3 Ke6
44.Ke4 Kd6 45.g4 Kc5 46.Bd5 Kb4 47.Bc6 Kc5 48.Be8 Bd8 49.Bxg6 Bf6 50.Be8 Bd8
51.Bd7 Bf6 52.Bb5 Bd8 53.Bc4 Bf6 54.Kf5 Bd8 55.c3 Be7 56.Ke5 Bd6+ 57.Ke4 Bf4
58.cxd4+ Kb6 59.Kd5 Bd2 60.Kd6 Be3 61.d5 Bf4+ 62.Kd7 Kc5 63.d4+ Kxc4 64.Kc6 Kxd4
65.d6 Be5 66.d7 Bf6 67.Kc7 Kc4 68.d8=Q Bxd8+ 69.Kxd8  1-0

[Event "36th Olympiad"]
[Site "Calvia ESP"]
[Date "2004.10.19"]
[Round "5"]
[White "Cubas,Jo"]
[Black "Khairallah,F"]
[Result "1-0"]
[WhiteElo "2376"]
[BlackElo "2323"]

1.e4 c5 2.Nf3 Nc6 3.Nc3 Nf6 4.Bb5 Qc7 5.O-O Nd4 6.Re1 a6 7.Bf1 Ng4 8.g3 Nxf3+
9.Qxf3 Ne5 10.Qe2 e6 11.d3 Be7 12.f4 Nc6 13.Bg2 O-O 14.Be3 b6 15.Qf2 Bb7
16.Ne2 d5 17.d4 cxd4 18.Nxd4 dxe4 19.Bxe4 Bc5 20.Nxc6 Bxc6 21.Bxc5 bxc5 22.Qxc5 Rfc8
23.Bxc6 Rab8 24.Rad1 h5 25.b4  1-0

[Event "36th Olympiad w"]
[Site "Calvia ESP"]
[Date "2004.10.20"]
[Round "6"]
[White "Valickova,M"]
[Black "Basem Hassan,M"]
[Result "1/2-1/2"]
[WhiteElo "2076"]
[BlackElo "2050"]

1.e4 c5 2.Nf3 Nc6 3.Nc3 g6 4.d4 cxd4 5.Nxd4 Bg7 6.Be3 Nf6 7.Qd2 O-O 8.Be2 d5
9.exd5 Nxd5 10.Nxd5 Qxd5 11.Bf3 Qa5 12.Qxa5 Nxa5 13.O-O-O Nc4 14.Bg5 e5 15.Nb5 Nxb2
16.Rde1 Nc4 17.Nc7 Rb8 18.Be7 Bf5 19.Bxf8 Bxf8 20.Nb5 a6 21.g4 Bh6+ 22.Kd1 Rd8+
23.Ke2 Bxc2 24.Bxb7 axb5 25.Kf3 Nd6 26.Bc6 e4+ 27.Kg2 Bd3 28.h4 Bf8 29.Rd1 Rc8
30.Bd5 Bc4 31.Rhe1 Bxd5 32.Rxd5 Rc7 33.a4 bxa4 34.Ra1 Rc4 35.Ra5 Kg7 36.R1xa4 Rxa4
37.Rxa4 h6 38.f3 exf3+ 39.Kxf3 f5 40.h5 fxg4+ 41.Kxg4 gxh5+ 42.Kxh5 Kf7 43.Rg4 Nb5
44.Rb4 Nd6 45.Kg4  1/2-1/2

[Event "36th Olympiad"]
[Site "Calvia ESP"]
[Date "2004.10.20"]
[Round "6"]
[White "Ostos,J"]
[Black "Ali,Se"]
[Result "0-1"]
[WhiteElo "2332"]
[BlackElo "2116"]

1.e4 c5 2.Nf3 Nc6 3.Nc3 Nf6 4.Bb5 g6 5.h3 Bg7 6.e5 Ng8 7.Bxc6 dxc6 8.d3 Nh6
9.Be3 b6 10.g4 Be6 11.Qd2 Bd5 12.Ne4 Bxe4 13.dxe4 Qxd2+ 14.Nxd2 O-O-O 15.f4 f5
16.exf5 gxf5 17.g5 Nf7 18.Nf3 Rd5 19.c4 Rdd8 20.h4 h5 21.Ke2 e6 22.Rad1 Rxd1
23.Rxd1 Rd8 24.Rg1 Nh8 25.g6 Rg8 26.Ng5 Nxg6 27.Nxe6 Bh6 28.Kf2 Kd7 29.Ng5 Nxh4
30.Nh7 Rxg1 31.Nf6+ Ke6 32.Nxh5  0-1